000 00819nam a22002417a 4500
001 BR7700375
003 BR-BrBNA
005 20230928085149.0
007 ta
008 230509b bl.||||| |||| 00| 0 por d
040 _aBR-BrBNA
_bpor
_cBiblioteca Nacional de Agricultura
041 _a(Por)
072 _aE10; E30
_b/G514
090 _ E10 BR7700375
110 1 _aSuperintendencia do Desenvolvimento da Regiao Centro-Oeste, Brasilia, DF (Brasil)
_910092
245 1 _aPolocentro no estado de Minas Gerais, elenco de programas e projetos - periodo 1975/77 [Economia; Politica de desenvolvimento; Agropecuaria; Brasil]
260 3 _aBrasilia, DF (Brasil):
_c1976.
300 _a125 p.
650 _aPOLITICA DE DESENVOLVIMENTO
650 _aMINAS GERAIS
909 _a202309
_bLucia
_c55
_dLucia Elande
942 _cBK
999 _c23084
_d23084